Zabezpečování studia při zaměstnání ve vyspělých kapitalistických zemích : rešerš /
Uložené v:
| Ďalší autori: | |
|---|---|
| Médium: | Kniha |
| Jazyk: | Czech |
| Vydané: |
Ostrava :
Státní vědecká knihovna,
1990
|
| Vydanie: | 1. vyd. |
| Témy: | |
| ISBN: |
(brož.) |
| Fyzický popis: |
13 s. |
| Tagy: |
Pridať tag
Žiadne tagy, Buďte prvý kto otaguje tento záznam!
|
Titul je dostupný aj v ... 

MARC
| LEADER | 00000nam a2200000 a 4500 | ||
|---|---|---|---|
| 001 | 000257921 | ||
| 005 | 20060626152135.0 | ||
| 008 | 060626s1990 xr e 000 0 czeo | ||
| 020 | |a (brož.) | ||
| 040 | |a SVKKK |b slo |c SVKKK |e AACR2 | ||
| 041 | 0 | |a cze | |
| 044 | |a xr |c CZ | ||
| 245 | 0 | 0 | |a Zabezpečování studia při zaměstnání ve vyspělých kapitalistických zemích : |b rešerš / |c sestavila Jaroslava Lehká |
| 250 | |a 1. vyd. | ||
| 260 | |a Ostrava : |b Státní vědecká knihovna, |c 1990 | ||
| 300 | |a 13 s. | ||
| 655 | 7 | |a bibliografie |2 SVKKKPH | |
| 700 | 1 | |a Lehká, Jaroslava |4 com | |
| 998 | |a BK | ||
| 090 | |g SCKHL |k Sklad Pribinova 2. posch. |a II.338361 |j 820231 |i B49420 |s Absenčne | ||